000 01094nam a2200301 i 4500
003 DO-SdBNP
005 20260521073717.0
007 ta
008 230705b1987 dr b|||| |||| 00| 0 spa d
040 _aDO-SdBNP
_bspa
_cBNPHU
_erda
049 _aBNPD
082 4 _a923.17293
_bH594S 1987
_222
100 1 _aSang, Mu-Kien A.
_d1955-
_q(Mu-Kien Adriana)
_eautora
_9331
245 1 0 _aUlises Heureaux :
_bbiografía de un dictador /
_cMu-Kien Adriana Sang Ben.
264 1 _aSanto Domingo :
_bInstituto Tecnológico de Santo Domingo,
_c1987.
300 _a350 páginas ;
_c24 cm.
336 _2rdacontent
_atexto
_btxt
337 _2rdamedia
_asin mediación
_bn
338 _2rdacarrier
_avolumen
_bnc
500 _aIncluye índice de nombres
500 _aIncluye referencias bibliográficas y notas al pie de las páginas.
590 _aInventariado, 2023/BT
600 1 0 _a Heureaux, Ulises,
_d1845-1899
_9598
650 4 _aPresidentes
_zRepública Dominicana
_xBiografías
_91790
651 0 _aRepública Dominicana --
_xHistoria --
_y1844-1930
_91009
910 _aBtavárez
942 _2ddc
_cLBS1
999 _c54111
_d54111